| 000 | 00646nam a2200229 u 4500 | ||
|---|---|---|---|
| 005 | 20240320063717.0 | ||
| 008 | 130925s2011 r 000 0 eng d | ||
| 020 | _a9788427201415 | ||
| 035 | _aUPN01000193120 | ||
| 049 | _aCG | ||
| 050 | 4 |
_aPS3613 C4.6 _bE8.3 |
|
| 100 | 1 |
_aMcEntire, Myra _934395 |
|
| 245 | 1 | 3 |
_aLa esfera / _cMyra McEntire ; tr. Victoria Martín Santamarta. |
| 260 |
_aBarcelona, Esp. : _bRBA, _c2011. |
||
| 300 | _a382 p. | ||
| 440 | 0 | _aMolino | |
| 534 |
_pTítulo original: _tHourglass |
||
| 650 | 4 |
_aNovela estadounidense _94462 |
|
| 650 | 4 |
_aCiencia ficción _vNovela _96959 |
|
| 905 | _aLibro | ||
| 999 |
_c165221 _d165221 |
||